| 000 | 00615nam a22001697a 4500 | ||
|---|---|---|---|
| 005 | 20130820164701.0 | ||
| 008 | 130820b cl ||||| |||| 00| 0 spa d | ||
| 041 | _aspa | ||
| 044 | _acl | ||
| 082 |
_a333.7 _bU544r |
||
| 245 | 0 |
_aRecursos naturales en UNASUR _bSituación y tendencias para una agenda de desarrollo regional |
|
| 260 |
_aSantiago de Chile _bUNASUR _bCEPAL _c2013 |
||
| 300 |
_a107 p. _btablas, gráficos _c28 cm. |
||
| 650 | 6 |
_aRecursos Naturales _zAmérica Latina _zRegión Caribe _91728 |
|
| 650 |
_aConservación de los recursos naturales _zAmérica Latina _zRegión Caribe _91729 |
||
| 942 |
_2ddc _cImpreso |
||
| 999 |
_c7596 _d7596 |
||